Interaktívna vizualizácia dát

Saved in:
Bibliographic Details
Main Author: Daniš, Ľuboš (Author)
Other Authors: Kapec, Peter (Thesis advisor)
Format: Manuscript Book
Language:Slovak
Published: 2020
Subjects:
Online Access:http://is.stuba.sk/zp/portal_zp.pl?podrobnosti=134749
Tags: Add Tag
No Tags, Be the first to tag this record!

MARC

LEADER 00000ntm a22000003a 4500
001 stuzp80517
003 SK-STU
005 20200620211642.3
007 ta
008 150427s2015----xo-----f-mn---000-0-slo-d
040 |a STU  |b slo 
041 0 |a slo 
100 1 |a Daniš, Ľuboš  |u 070400  |4 aut  |U FIIT Fakulta informatiky a informačných technológií  |T FIIT Ústav počítačového inžinierstva a aplikovanej informatiky  |X 85805  |U I400  |Y 672  |7 85805 
242 0 1 |a Interactive data visualization  |y eng 
245 1 0 |a Interaktívna vizualizácia dát 
260 |c 2020 
650 4 |a Virtuálna realita  |2 slo 
650 4 |a Interakcia s vizualizáciou  |2 slo 
650 4 |a Vizualizácia softvéru  |2 slo 
650 4 |a Interaction with visualization  |2 eng 
650 4 |a Software visualization  |2 eng 
650 4 |a Virtual Reality  |2 eng 
700 1 |a Kapec, Peter  |u 070400  |k Z1  |4 ths  |U FIIT Fakulta informatiky a informačných technológií  |T FIIT Ústav počítačového inžinierstva a aplikovanej informatiky  |X 10235  |U I400  |Y 672  |7 A000010235 
856 4 |u http://is.stuba.sk/zp/portal_zp.pl?podrobnosti=134749